000 00748nam a22002537a 4500
008 131103b xxu||||| |||| 00| 0 eng d
020 _a0-13-087139-7
024 _cAvailable
037 _cAvailable
040 _aMBSTU LIBRARY
_dMBSTU LIBRARY
082 _222
_a150 MAA
100 _aMartin, Michele T.
245 _aAbnormal psychology : the problem of maladaptive behaviour.
250 _a3rd
260 _aNew York
_bPrentice Hall.
_c2001
300 _a28 cm.
_b665 page
_f1
_g28 cm.
600 _2Psychology.
650 _2Psychology.
700 _aMartin, Michele T.
270 _aNew York
_bNew York
_dUSA
365 _b3118.00
_d3118.00
942 _2ddc
_cBK
999 _c774
_d774